Normal view
MARC view
- Schwartz, D. J.
Entry Personal Name
001 - CONTROL NUMBER
- control field: 1117
003 - CONTROL NUMBER IDENTIFIER
- control field: OSt
005 - DATE AND TIME OF LATEST TRANSACTION
- control field: 20170504094659.0
008 - FIXED-LENGTH DATA ELEMENTS
- fixed length control field: 170504|| aca||aabn | a|a d
040 ## - CATALOGING SOURCE
- Original cataloging agency: OSt
- Transcribing agency: OSt
100 ## - HEADING--PERSONAL NAME
- Personal name: Schwartz, D. J.
- Fuller form of name: (David Joseph)
670 ## - SOURCE DATA FOUND
- Source citation: Work cat.: (OSt)0: Schwartz, D. J. (David Joseph), Berfikiran dan berjiwa besar /, 1996 [reprinted 2006]

PORTAL AKMAL
E-MEL JKDM
AKMAL2U
G-BAM
u-PUSTAKA